| 000 | 00797nam a22001937a 4500 | ||
|---|---|---|---|
| 999 |
_c372022 _d372022 |
||
| 008 | 201127b ||||| |||| 00| 0 eng d | ||
| 040 |
_aDE-2950 _bger _cDE-2950 _erda |
||
| 041 | _ager | ||
| 245 |
_aLogistikunternehmen EV Cargo schafft 120 Arbeitsplätze _bWirtschaft. Alcaro hat die erste Halle im Log Plaza offizielle an Batterie-Logistiker EV Cargo übergeben. Was für Frankfurt als Standort gesprochen hat/ _cThomas Gutke |
||
| 264 | _c2022 | ||
| 653 | _aFrankfurt (Oder) | ||
| 653 | _aAlcaro Invest GmbH | ||
| 653 | _aEV Cargo | ||
| 773 |
_dFrankfurt (Oder) Märkisches Verlags- und Druckhaus GmbH & Co KG _tMärkische Oderzeitung _g33. Jahrgang (2022) Nr. 284 vom 06.12.2022, S. 15: mit Foto |
||
| 942 | _cA | ||